[Event "DEM U12/U12w 2008"]
[Site "Willingen GER"]
[Date "2008.05.13"]
[Round "5"]
[White "Gibicar, Danijel"]
[Black "Bauer, Andreas"]
[Result "1/2-1/2"]
[Termination "normal"]
[Board "1"]
[WhiteElo "1662"]
[BlackElo "1986"]
[PlyCount "41"]
[WhiteFideId "24660256"]
[BlackFideId "4625030"]
[EventCountry "GER"]
[EventRounds "11"]
[EventType "swiss"]
[EventDate "2008.05.10"]

1. d4 f5 2. c4 e6 3. Nf3 d6 4. Nc3 Nf6 5. g3 g6 6. Bg2 Bg7 7. O-O O-O 8. Re1
Ne4 9. Qb3 Kh8 10. e3 a5 11. Nd2 Nxd2 12. Bxd2 Nc6 13. d5 Nb4 14. Ne2 Na6 15.
dxe6 Nc5 16. Qc2 Bxe6 17. Nf4 Bg8 18. Bc3 Qd7 19. Bxg7+ Qxg7 20. Rad1 Rae8 21.
b3 1/2-1/2

[Event "DEM U12/U12w 2008"]
[Site "Willingen GER"]
[Date "2008.05.13"]
[Round "5"]
[White "Blübaum, Matthias"]
[Black "Peil, Christoph"]
[Result "1/2-1/2"]
[Termination "normal"]
[Board "2"]
[WhiteElo "1912"]
[BlackElo "1680"]
[PlyCount "62"]
[WhiteFideId "24651516"]
[BlackFideId "24651800"]
[EventCountry "GER"]
[EventRounds "11"]
[EventType "swiss"]
[EventDate "2008.05.10"]

1. d4 Nf6 2. c4 e6 3. Nc3 Bb4 4. f3 d5 5. a3 Bxc3+ 6. bxc3 c5 7. cxd5 Nxd5 8.
dxc5 Qa5 9. e4 Ne7 10. Be3 O-O 11. Qb3 Nd7 12. Qb4 Qc7 13. Bd3 Nc6 14. Qb3 Nce5
15. Bc2 a6 16. Ne2 Nxc5 17. Bxc5 Qxc5 18. Qb4 Qxb4 19. cxb4 Bd7 20. f4 Rac8 21.
Nd4 Nc4 22. Bd3 e5 23. Nb3 b6 24. f5 Ba4 25. Nd2 Nxd2 26. Kxd2 Rfd8 27. Rac1
Rxc1 28. Rxc1 Bb5 29. Rc3 Bxd3 30. Rxd3 Rxd3+ 31. Kxd3 b5 1/2-1/2

[Event "DEM U12/U12w 2008"]
[Site "Willingen GER"]
[Date "2008.05.13"]
[Round "5"]
[White "Noe, Christopher"]
[Black "Nöttling, Dominik"]
[Result "0-1"]
[Termination "normal"]
[Board "3"]
[WhiteElo "1877"]
[BlackElo "1728"]
[PlyCount "78"]
[WhiteFideId "24692018"]
[BlackFideId "24672807"]
[EventCountry "GER"]
[EventRounds "11"]
[EventType "swiss"]
[EventDate "2008.05.10"]

1. e4 c5 2. c4 Nc6 3. Nc3 g6 4. g3 Bg7 5. Bg2 Nf6 6. Nge2 d6 7. h3 Nd7 8. f4
Nd4 9. O-O e6 10. Kh1 Nb8 11. d3 Nbc6 12. Rb1 a6 13. Nxd4 Nxd4 14. Be3 Rb8 15.
Ne2 Nxe2 16. Qxe2 O-O 17. b4 Qe7 18. bxc5 dxc5 19. Qf2 Bd4 20. Bxd4 cxd4 21.
Qxd4 Bd7 22. Rb6 Bc6 23. Qf2 Rfd8 24. Rfb1 Qc7 25. Qe3 Rd7 26. e5 Bxg2+ 27.
Kxg2 Rbd8 28. R6b3 Rd4 29. Rc1 Qd7 30. Rcc3 b5 31. cxb5 axb5 32. a3 Ra8 33. Qf3
Rda4 34. Qe3 b4 35. Rxb4 Rxb4 36. axb4 Ra2+ 37. Kf3 Qa4 38. Rc8+ Kg7 39. Kg4
Qd1+ 0-1

[Event "DEM U12/U12w 2008"]
[Site "Willingen GER"]
[Date "2008.05.13"]
[Round "5"]
[White "Stahnecker, Ludwig"]
[Black "Kreyssig, Robert"]
[Result "1/2-1/2"]
[Termination "normal"]
[Board "4"]
[WhiteElo "1694"]
[BlackElo "1775"]
[PlyCount "28"]
[WhiteFideId "24692026"]
[BlackFideId "4662881"]
[EventCountry "GER"]
[EventRounds "11"]
[EventType "swiss"]
[EventDate "2008.05.10"]

1. e4 g6 2. d4 Bg7 3. Nf3 c6 4. c4 d6 5. Nc3 Nd7 6. Be3 Qa5 7. Qd2 c5 8. Be2
Ngf6 9. O-O Ng4 10. a3 Nxe3 11. fxe3 O-O 12. Rad1 Bh6 13. Qd3 Nf6 14. h3 a6
1/2-1/2

[Event "DEM U12/U12w 2008"]
[Site "Willingen GER"]
[Date "2008.05.13"]
[Round "5"]
[White "Azizi, Nassim"]
[Black "Carmesin, Matthias"]
[Result "1-0"]
[Termination "normal"]
[Board "5"]
[WhiteElo "1643"]
[BlackElo "1641"]
[PlyCount "165"]
[WhiteFideId "4608119"]
[BlackFideId "4635965"]
[EventCountry "GER"]
[EventRounds "11"]
[EventType "swiss"]
[EventDate "2008.05.10"]

1. d4 Nf6 2. Nf3 g6 3. Nbd2 d5 4. e3 Bg7 5. Bd3 Bf5 6. Bxf5 gxf5 7. c4 c6 8. b4
a5 9. bxa5 Qxa5 10. c5 Ne4 11. O-O Nd7 12. Nb3 Qc7 13. Qc2 O-O 14. Ne1 Ndf6 15.
f3 Ng5 16. Qxf5 Ne6 17. g4 Nd7 18. Qc2 Ra4 19. Bb2 Rfa8 20. a3 b6 21. cxb6 Nxb6
22. Nd2 c5 23. dxc5 Bxb2 24. Qxb2 Qxc5 25. Nc2 Nc4 26. Nxc4 Rxc4 27. Rf2 Rc8
28. Ra2 d4 29. exd4 Nxd4 30. Nxd4 Rxd4 31. Kg2 h5 32. h3 h4 33. Rc2 Rc4 34.
Rxc4 Qxc4 35. Qd2 Qe6 36. a4 Qe5 37. Qf2 Qe6 38. Re2 Qf6 39. Re4 Rc6 40. g5 Qf5
41. Qxh4 Rc2+ 42. Kg3 Qc5 43. Rd4 Qe5+ 44. Qf4 Qxf4+ 45. Kxf4 Ra2 46. h4 Kg7
47. Re4 e6 48. h5 Ra3 49. g6 Kf6 50. gxf7 Kxf7 51. Kg5 Ke7 52. f4 Kf7 53. f5
exf5 54. Kxf5 Rf3+ 55. Rf4 Rc3 56. Ke5+ Ke7 57. Kd5 Rg3 58. Kc5 Rg7 59. h6 Rh7
60. Rh4 Kd7 61. Kb5 Kc7 62. Rc4+ Kb7 63. Rc6 Ka7 64. Rg6 Kb8 65. Rg8+ Kb7 66.
Rg7+ Rxg7 67. hxg7 Kc7 68. g8=Q Kd6 69. Qg5 Ke6 70. Qf4 Kd5 71. Qc4+ Kd6 72.
Qc5+ Ke6 73. Qd4 Kf5 74. Qe3 Kf6 75. Qe4 Kf7 76. Qe5 Kg6 77. Qf4 Kg7 78. Qf5
Kg8 79. Qd7 Kf8 80. a5 Kg8 81. a6 Kh8 82. a7 Kg8 83. a8=R# 1-0

[Event "DEM U12/U12w 2008"]
[Site "Willingen GER"]
[Date "2008.05.13"]
[Round "5"]
[White "Möhn, Hans"]
[Black "Kuckling, Hannah"]
[Result "1-0"]
[Termination "normal"]
[Board "7"]
[WhiteElo "1825"]
[BlackElo "1531"]
[PlyCount "115"]
[WhiteFideId "24647837"]
[BlackFideId "24603660"]
[EventCountry "GER"]
[EventRounds "11"]
[EventType "swiss"]
[EventDate "2008.05.10"]

1. e4 c5 2. Nf3 d6 3. d4 cxd4 4. Nxd4 Nf6 5. Nc3 g6 6. Be3 Bg7 7. f3 O-O 8. Bc4
Nc6 9. Bb3 Bd7 10. Qd2 Rc8 11. O-O-O Ne5 12. Kb1 Nc4 13. Bxc4 Rxc4 14. g4 a6
15. h4 h5 16. b3 Rc8 17. Nd5 Nxd5 18. exd5 hxg4 19. h5 gxf3 20. Qh2 Qc7 21. c4
Qa5 22. hxg6 fxg6 23. Ne6 Bxe6 24. Qh7+ Kf7 25. dxe6+ Kxe6 26. Qxg7 Qf5+ 27.
Kc1 Qf6 28. Qxf6+ Rxf6 29. Kd2 Rg8 30. Rhg1 Rf5 31. Rg5 Kf6 32. Rxf5+ Kxf5 33.
Rf1 Kg4 34. Rg1+ Kf5 35. Rg5+ Kf6 36. Rg3 Rh8 37. Rxf3+ Kg7 38. a4 Rh5 39. Bd4+
Kg8 40. Re3 Kf7 41. b4 Rh2+ 42. Kc3 g5 43. Rg3 Rh5 44. Be3 Kg6 45. b5 axb5 46.
cxb5 Kf5 47. Rxg5+ Rxg5 48. Bxg5 Kxg5 49. a5 e5 50. a6 bxa6 51. bxa6 e4 52. a7
d5 53. a8=Q Kf4 54. Qf8+ Ke3 55. Qf6 Ke2 56. Qd4 e3 57. Qxd5 Kf1 58. Qf3+ 1-0

[Event "DEM U12/U12w 2008"]
[Site "Willingen GER"]
[Date "2008.05.13"]
[Round "5"]
[White "Urban, Lars"]
[Black "Osmanodja, Filiz"]
[Result "1/2-1/2"]
[Termination "normal"]
[Board "8"]
[WhiteElo "1857"]
[BlackElo "1984"]
[PlyCount "54"]
[WhiteFideId "4644034"]
[BlackFideId "24633569"]
[EventCountry "GER"]
[EventRounds "11"]
[EventType "swiss"]
[EventDate "2008.05.10"]

1. a3 e5 2. e3 d5 3. d4 Nc6 4. Nf3 e4 5. Nfd2 f5 6. c4 Nf6 7. Nc3 Be6 8. cxd5
Nxd5 9. Qb3 Rb8 10. Bc4 Na5 11. Qa4+ c6 12. Bxd5 Bxd5 13. Nxd5 Qxd5 14. O-O a6
15. b4 Nc4 16. Nxc4 Qxc4 17. Bb2 Qd5 18. Rac1 Bd6 19. Qc2 O-O 20. Qc4 Qxc4 21.
Rxc4 Rf6 22. Rc2 Rh6 23. h3 Rd8 24. Rd1 Bf8 25. Kf1 g5 26. Ke2 Rdd6 27. Rc5
Rdf6 1/2-1/2

[Event "DEM U12/U12w 2008"]
[Site "Willingen GER"]
[Date "2008.05.13"]
[Round "5"]
[White "Holle, Cedric"]
[Black "Rührmund, Daniel"]
[Result "0-1"]
[Termination "normal"]
[Board "9"]
[WhiteElo "1455"]
[BlackElo "1823"]
[PlyCount "74"]
[WhiteFideId "24692158"]
[BlackFideId "24674583"]
[EventCountry "GER"]
[EventRounds "11"]
[EventType "swiss"]
[EventDate "2008.05.10"]

1. e4 c5 2. d4 cxd4 3. c3 dxc3 4. Nxc3 e6 5. Bc4 a6 6. Nf3 b5 7. Bb3 Bb7 8. e5
Be7 9. O-O f6 10. Qe2 Nc6 11. Rd1 Qc7 12. Bf4 f5 13. Rac1 Bf8 14. Nd4 Nxd4 15.
Rxd4 Bc6 16. Qd2 Qb7 17. Ne2 Ne7 18. Bg5 Rc8 19. Ng3 Bxg2 20. Qe2 Rxc1+ 21.
Bxc1 Bd5 22. Bxd5 Nxd5 23. Nxf5 exf5 24. e6 d6 25. e7 Qxe7 26. Qf3 Nf6 27. Bf4
Ne4 28. Qd3 Qe6 29. f3 Nc5 30. Qd2 Nb7 31. Rd3 Kf7 32. Re3 Qg6+ 33. Kf2 Kg8 34.
Bg5 h6 35. Qd5+ Qf7 36. Re6 Nc5 37. Bxh6 Qxe6 0-1

[Event "DEM U12/U12w 2008"]
[Site "Willingen GER"]
[Date "2008.05.13"]
[Round "5"]
[White "Höpfner, Tim"]
[Black "Grewenig, Jan"]
[Result "0-1"]
[Termination "normal"]
[Board "10"]
[WhiteElo "1766"]
[BlackElo "1619"]
[PlyCount "80"]
[WhiteFideId "4638310"]
[BlackFideId "4657330"]
[EventCountry "GER"]
[EventRounds "11"]
[EventType "swiss"]
[EventDate "2008.05.10"]

1. d4 Nf6 2. c4 e6 3. g3 d5 4. Nf3 Be7 5. Bg2 O-O 6. O-O b6 7. Qc2 Bb7 8. Nbd2
dxc4 9. Nxc4 Nbd7 10. Bf4 Nd5 11. Bd2 c5 12. e4 Nc7 13. e5 cxd4 14. Nd6 Bxd6
15. exd6 Nd5 16. Nxd4 Rc8 17. Qb1 Nc5 18. b4 Na4 19. Nb5 a6 20. Nc7 Qxd6 21.
Nxd5 Bxd5 22. Bxd5 Qxd5 23. Rd1 b5 24. Bf4 Qb7 25. Qd3 Nc3 26. Rdc1 Nd5 27. Bd6
Rfd8 28. Rxc8 Qxc8 29. Be5 Nxb4 30. Qe4 Nd5 31. Bb2 Qd7 32. Rd1 Qe7 33. h4 h6
34. Kh2 Nf6 35. Bxf6 Qxf6 36. Rf1 Qd4 37. Qb7 Qc4 38. Re1 Qxa2 39. Qe7 Qxf2+
40. Kh3 Rd3 0-1

[Event "DEM U12/U12w 2008"]
[Site "Willingen GER"]
[Date "2008.05.13"]
[Round "5"]
[White "Schuhmacher, Jakob"]
[Black "Svane, Rasmus"]
[Result "0-1"]
[Termination "normal"]
[Board "11"]
[WhiteElo "1657"]
[BlackElo "1911"]
[PlyCount "92"]
[WhiteFideId "4612787"]
[BlackFideId "4657101"]
[EventCountry "GER"]
[EventRounds "11"]
[EventType "swiss"]
[EventDate "2008.05.10"]

1. Nf3 c5 2. e4 e6 3. d4 cxd4 4. Nxd4 a6 5. Nc3 Qc7 6. Be2 Nf6 7. a3 d6 8. Be3
Be7 9. O-O Nbd7 10. f4 b5 11. Bf3 Bb7 12. Qe2 Rc8 13. g4 Nc5 14. Bf2 d5 15. e5
Nfe4 16. Nxe4 Nxe4 17. c3 O-O 18. Nc2 Nxf2 19. Rxf2 Qb6 20. Kh1 a5 21. f5 Ba6
22. Qd2 Bh4 23. Rff1 b4 24. Be2 bxc3 25. bxc3 Bxe2 26. Qxe2 Rxc3 27. Rab1 Qc5
28. Ne1 Re3 29. Qd2 exf5 30. Ng2 Rh3 31. Nxh4 Rxh4 32. gxf5 Qc4 33. Rg1 Qe4+
34. Qg2 Qxe5 35. Rb5 Rd4 36. Rxa5 g6 37. fxg6 hxg6 38. Ra6 Qe4 39. Rd6 Re8 40.
a4 Rd2 41. Qxe4 Rxe4 42. a5 Ra4 43. a6 Raa2 44. Rb1 Rxh2+ 45. Kg1 Rh4 46. Rxd5
Rxa6 0-1

[Event "DEM U12/U12w 2008"]
[Site "Willingen GER"]
[Date "2008.05.13"]
[Round "5"]
[White "Schnorr, Christian"]
[Black "Lebeda, Timo"]
[Result "0-1"]
[Termination "normal"]
[Board "12"]
[WhiteElo "1650"]
[BlackElo "1889"]
[PlyCount "64"]
[BlackFideId "4638565"]
[EventCountry "GER"]
[EventRounds "11"]
[EventType "swiss"]
[EventDate "2008.05.10"]

1. e4 c5 2. c4 g6 3. Nf3 Nc6 4. d4 cxd4 5. Nxd4 Bg7 6. Nxc6 bxc6 7. Qc2 Nf6 8.
g3 O-O 9. Bg2 Bb7 10. O-O Rc8 11. Be3 a6 12. Qb3 Qc7 13. Nc3 d6 14. Bb6 Qd7 15.
a4 c5 16. a5 Ba8 17. Rad1 Qe6 18. Rfe1 Rb8 19. f4 Nd7 20. Na4 Bc6 21. Ra1 Bd4+
22. Kh1 Rb7 23. Nc3 Rfb8 24. Qa2 Nxb6 25. axb6 Rxb6 26. Re2 Rb4 27. Qxa6 R8b6
28. Qa3 Qxc4 29. Rc2 Qb3 30. Qxb3 Rxb3 31. Rb1 Bxc3 32. Rxc3 Rxc3 0-1

[Event "DEM U12/U12w 2008"]
[Site "Willingen GER"]
[Date "2008.05.13"]
[Round "5"]
[White "Kyas, Philipp"]
[Black "Große, Christian"]
[Result "1-0"]
[Termination "normal"]
[Board "13"]
[WhiteElo "1816"]
[BlackElo "1885"]
[PlyCount "87"]
[WhiteFideId "24670936"]
[BlackFideId "24646156"]
[EventCountry "GER"]
[EventRounds "11"]
[EventType "swiss"]
[EventDate "2008.05.10"]

1. d4 Nf6 2. Bf4 g6 3. e3 Bg7 4. Nf3 d6 5. h3 O-O 6. Be2 Nfd7 7. c4 e5 8. Bh2
Nc6 9. Nc3 f5 10. d5 Ne7 11. Ng5 Nf6 12. Qb3 h6 13. Ne6 Bxe6 14. dxe6 Qc8 15.
c5 Kh8 16. O-O a6 17. Rac1 Nc6 18. cxd6 cxd6 19. Rfd1 Qc7 20. Bf3 Rac8 21. Nd5
Nxd5 22. Bxd5 Qe7 23. Qb6 Rfd8 24. Kh1 Qc7 25. Qb3 Qe7 26. Qa4 Na7 27. Qb4 Nc6
28. Qa4 Na7 29. Rxc8 Nxc8 30. Qb4 b6 31. Qa4 Qa7 32. Bc6 Ne7 33. Bd7 d5 34. Qb4
Bf6 35. Bxe5 Bxe5 36. Qxe7 Qc7 37. Qf7 Bd6 38. Qf6+ Kh7 39. Qf7+ Kh8 40. Qxg6
Qc2 41. Qxh6+ Kg8 42. Qg5+ Kh7 43. Rg1 Qxf2 44. e7 1-0

[Event "DEM U12/U12w 2008"]
[Site "Willingen GER"]
[Date "2008.05.13"]
[Round "5"]
[White "Pfadenhauer, Johannes"]
[Black "Xu, Xianliang"]
[Result "0-1"]
[Termination "normal"]
[Board "14"]
[WhiteElo "1654"]
[BlackElo "1801"]
[PlyCount "60"]
[WhiteFideId "24615269"]
[BlackFideId "4603230"]
[EventCountry "GER"]
[EventRounds "11"]
[EventType "swiss"]
[EventDate "2008.05.10"]

1. e4 d5 2. exd5 Qxd5 3. Nc3 Qa5 4. Bc4 c6 5. d3 Bf5 6. Bd2 e6 7. Qe2 Nf6 8.
Nf3 Qc7 9. Nd4 Be7 10. Nxf5 exf5 11. h3 O-O 12. O-O-O b5 13. Bb3 a5 14. a4 bxa4
15. Nxa4 Bb4 16. Bg5 Nbd7 17. Qf3 Nd5 18. Qxf5 N7b6 19. Be3 Nxa4 20. Bxa4 Nb6
21. Bxb6 Qxb6 22. Qf3 Rfb8 23. Bxc6 Ra7 24. Ba4 Bc5 25. b3 Ba3+ 26. Kd2 Rc7 27.
c3 Bb2 28. c4 Re7 29. Kc2 Qd4 30. Qf4 Qxf4 0-1

[Event "DEM U12/U12w 2008"]
[Site "Willingen GER"]
[Date "2008.05.13"]
[Round "5"]
[White "Niedermayer, Julian Andi"]
[Black "Falter, Lennart"]
[Result "0-1"]
[Termination "normal"]
[Board "16"]
[WhiteElo "1739"]
[BlackElo "1587"]
[PlyCount "22"]
[WhiteFideId "24600792"]
[BlackFideId "24692077"]
[EventCountry "GER"]
[EventRounds "11"]
[EventType "swiss"]
[EventDate "2008.05.10"]

1. Nf3 d5 2. d4 e6 3. c4 c5 4. Nc3 Nc6 5. cxd5 exd5 6. dxc5 d4 7. Ne4 Bf5 8.
Nd6+ Bxd6 9. cxd6 Qxd6 10. g3 Nb4 11. Nxd4 Qxd4 0-1

[Event "DEM U12/U12w 2008"]
[Site "Willingen GER"]
[Date "2008.05.13"]
[Round "5"]
[White "Galkin, Wladislaw"]
[Black "Scheel, Henrik"]
[Result "1-0"]
[Termination "normal"]
[Board "17"]
[WhiteElo "1969"]
[BlackElo "1481"]
[PlyCount "55"]
[WhiteFideId "4603192"]
[BlackFideId "24692115"]
[EventCountry "GER"]
[EventRounds "11"]
[EventType "swiss"]
[EventDate "2008.05.10"]

1. d4 d5 2. c4 dxc4 3. Nf3 Nf6 4. e3 e6 5. Bxc4 Be7 6. Nc3 O-O 7. O-O c6 8. a4
Qc7 9. Qc2 Nbd7 10. Ba2 e5 11. Bb1 h6 12. Rd1 Bd6 13. h3 Re8 14. b3 exd4 15.
Nxd4 Be5 16. Bb2 Bxd4 17. Rxd4 b6 18. Rf4 Bb7 19. Nd5 Qd6 20. Bxf6 Nxf6 21.
Nxf6+ gxf6 22. Qh7+ Kf8 23. Qxh6+ Ke7 24. Re4+ Kd8 25. Rd4 Qxd4 26. exd4 Kc7
27. Qf4+ Kd7 28. Bf5+ 1-0

[Event "DEM U12/U12w 2008"]
[Site "Willingen GER"]
[Date "2008.05.13"]
[Round "5"]
[White "Schoepe, Tobias"]
[Black "Carow, Johannes"]
[Result "0-1"]
[Termination "normal"]
[Board "18"]
[WhiteElo "1550"]
[BlackElo "1668"]
[PlyCount "60"]
[WhiteFideId "24692107"]
[BlackFideId "24692050"]
[EventCountry "GER"]
[EventRounds "11"]
[EventType "swiss"]
[EventDate "2008.05.10"]

1. e4 c5 2. Nf3 Nc6 3. d4 cxd4 4. Nxd4 Nf6 5. Nc3 e5 6. Ndb5 d6 7. Nd5 Nxd5 8.
exd5 Ne7 9. c4 Nf5 10. Bd3 Be7 11. O-O a6 12. Nc3 O-O 13. Bd2 g6 14. Re1 Ng7
15. Rc1 f5 16. Be2 Bd7 17. Qb3 Rb8 18. Be3 b6 19. Qc2 f4 20. Bd2 Nf5 21. Bf3 g5
22. Be4 Rf7 23. Ne2 Nh6 24. f3 Kh8 25. Kh1 g4 26. Nc3 Qc8 27. b3 Ng8 28. Rg1 g3
29. hxg3 Rf6 30. Rge1 Qc5 0-1

[Event "DEM U12/U12w 2008"]
[Site "Willingen GER"]
[Date "2008.05.13"]
[Round "5"]
[White "Wagner, Dennis"]
[Black "Schreiber, Kevin"]
[Result "1-0"]
[Termination "normal"]
[Board "19"]
[WhiteElo "1943"]
[BlackElo "1442"]
[PlyCount "105"]
[WhiteFideId "24650684"]
[BlackFideId "24655830"]
[EventCountry "GER"]
[EventRounds "11"]
[EventType "swiss"]
[EventDate "2008.05.10"]

1. e4 d5 2. exd5 Qxd5 3. Nc3 Qd6 4. d4 Nf6 5. Nf3 c6 6. Bd3 Bg4 7. Be3 e6 8. h3
Bxf3 9. Qxf3 Be7 10. O-O-O Nbd7 11. Rhe1 O-O-O 12. Bf4 Qb4 13. a3 Qa5 14. Bc4
Nb6 15. Bf1 Bd6 16. Bd2 Qh5 17. g4 Qh4 18. g5 Qh5 19. Qg2 Nfd5 20. Ne4 Bc7 21.
Ng3 Bxg3 22. fxg3 h6 23. g4 Qh4 24. Re5 f5 25. Rxe6 fxg4 26. hxg4 hxg5 27. Qe4
Nf6 28. Qf5 Kb8 29. Bxg5 Qh7 30. Qxh7 Rxh7 31. Bxf6 gxf6 32. Rxf6 Nd5 33. Rf3
Rg7 34. Rg3 Re8 35. Bd3 Rf8 36. Rf1 Re8 37. Kd2 Kc7 38. c4 Ne7 39. g5 Reg8 40.
Rfg1 Re8 41. Re3 Reg8 42. Ke2 Kd8 43. Re5 Kc7 44. Rg4 Kd8 45. Kf3 Rh8 46. Kg2
Rf8 47. Kg3 Rgf7 48. Re3 Nf5+ 49. Bxf5 Rxf5 50. g6 Rg8 51. Rf3 Rh5 52. Rf7 Rh6
53. g7 1-0

[Event "DEM U12/U12w 2008"]
[Site "Willingen GER"]
[Date "2008.05.13"]
[Round "5"]
[White "Spiegelberg, Silvia"]
[Black "Moritz, Aron"]
[Result "0-1"]
[Termination "normal"]
[Board "20"]
[WhiteElo "1455"]
[BlackElo "1984"]
[PlyCount "90"]
[WhiteFideId "24654450"]
[BlackFideId "24672319"]
[EventCountry "GER"]
[EventRounds "11"]
[EventType "swiss"]
[EventDate "2008.05.10"]

1. e4 c5 2. Nf3 d6 3. d4 cxd4 4. Nxd4 Nf6 5. Nc3 Bd7 6. f3 g6 7. Be3 Bg7 8. Qd2
Nc6 9. O-O-O Rc8 10. Kb1 O-O 11. g4 Ne5 12. Be2 Nc4 13. Bxc4 Rxc4 14. h4 b5 15.
h5 b4 16. Nd5 Nxd5 17. exd5 Qc8 18. Rh2 Be5 19. Rh3 a5 20. hxg6 fxg6 21. Rdh1
Rf7 22. Qd3 a4 23. Rxh7 Rxh7 24. Qxg6+ Rg7 25. Qd3 a3 26. b3 Rc3 27. Qe4 Rxe3
28. Qxe3 Qc5 29. Rd1 Bxd4 30. Qxd4 Qxd4 31. Rxd4 Rf7 32. f4 Rh7 33. c4 bxc3 34.
Rc4 Bxg4 35. Rxc3 Bf5+ 36. Kc1 Rh1+ 37. Kd2 Rh2+ 38. Ke3 Rxa2 39. b4 Rh2 40.
Rc1 a2 41. Ra1 Bb1 42. b5 Rb2 43. Kf3 Rxb5 44. Ke3 Rxd5 45. Kf3 Kf7 0-1

[Event "DEM U12/U12w 2008"]
[Site "Willingen GER"]
[Date "2008.05.13"]
[Round "5"]
[White "Eigemann, Frederik"]
[Black "Schmalhorst, Sophia"]
[Result "1/2-1/2"]
[Termination "normal"]
[Board "21"]
[WhiteElo "1685"]
[BlackElo "1317"]
[PlyCount "74"]
[WhiteFideId "24692034"]
[BlackFideId "24682497"]
[EventCountry "GER"]
[EventRounds "11"]
[EventType "swiss"]
[EventDate "2008.05.10"]

1. e4 e5 2. Nf3 Nc6 3. Nc3 Nf6 4. Bb5 Nd4 5. Bc4 Nxf3+ 6. Qxf3 d6 7. d3 Be7 8.
h3 O-O 9. Be3 c6 10. O-O Be6 11. Bb3 b5 12. Bxe6 fxe6 13. Qg3 Kh8 14. Ne2 Qd7
15. f4 exf4 16. Nxf4 e5 17. Ne2 Nh5 18. Qh2 a6 19. Ng3 Nxg3 20. Qxg3 Rxf1+ 21.
Rxf1 Rf8 22. Rxf8+ Bxf8 23. Qf3 Kg8 24. Bg5 Be7 25. Bxe7 Qxe7 26. Qf5 Qe8 27.
a3 a5 28. h4 Qd8 29. g3 g6 30. Qe6+ Kf8 31. Kg2 Kg7 32. c3 c5 33. b4 axb4 34.
axb4 cxb4 35. cxb4 Qc7 36. Kh3 Qf7 37. Qxf7+ Kxf7 1/2-1/2

[Event "DEM U12/U12w 2008"]
[Site "Willingen GER"]
[Date "2008.05.13"]
[Round "5"]
[White "Knopf, Felix"]
[Black "Abdelrazek, Ahmed"]
[Result "1/2-1/2"]
[Termination "normal"]
[Board "22"]
[WhiteElo "1412"]
[BlackElo "1673"]
[PlyCount "53"]
[WhiteFideId "24692204"]
[EventCountry "GER"]
[EventRounds "11"]
[EventType "swiss"]
[EventDate "2008.05.10"]

1. d4 Nf6 2. Nf3 e6 3. c4 b6 4. Nc3 Bb7 5. e3 Be7 6. Be2 O-O 7. O-O d5 8. Bd2
Nbd7 9. cxd5 Nxd5 10. Nxd5 Bxd5 11. Qc2 Nf6 12. Rfc1 c5 13. dxc5 Bxc5 14. b4
Bd6 15. Nd4 Ne4 16. Be1 a6 17. Bf3 f5 18. Bxe4 Bxe4 19. Qe2 Rf6 20. f3 Bb7 21.
Bh4 Bxh2+ 22. Kh1 Be5 23. Bxf6 Qxf6 24. f4 Qh4+ 25. Kg1 Bxd4 26. exd4 Be4 27.
Qf2 1/2-1/2

[Event "DEM U12/U12w 2008"]
[Site "Willingen GER"]
[Date "2008.05.13"]
[Round "5"]
[White "Hansch, Karsten"]
[Black "Zimmermann, Christian"]
[Result "1/2-1/2"]
[Termination "normal"]
[Board "23"]
[WhiteElo "1370"]
[BlackElo "1645"]
[PlyCount "34"]
[WhiteFideId "24692239"]
[BlackFideId "24692069"]
[EventCountry "GER"]
[EventRounds "11"]
[EventType "swiss"]
[EventDate "2008.05.10"]

1. d4 Nf6 2. Nf3 d5 3. e3 Bf5 4. b3 e6 5. Bb2 Be7 6. Ne5 Nbd7 7. Bd3 Bg6 8. O-O
Nxe5 9. dxe5 Nd7 10. f4 O-O 11. Bxg6 hxg6 12. Kh1 Nc5 13. Nd2 g5 14. Qe2 c6 15.
Rac1 Rc8 16. Rfd1 Qa5 17. a3 Qa6 1/2-1/2

[Event "DEM U12/U12w 2008"]
[Site "Willingen GER"]
[Date "2008.05.13"]
[Round "5"]
[White "Hellwig, Immo"]
[Black "Töws, Manuel"]
[Result "0-1"]
[Termination "normal"]
[Board "24"]
[WhiteElo "1278"]
[BlackElo "1617"]
[PlyCount "54"]
[BlackFideId "24654485"]
[EventCountry "GER"]
[EventRounds "11"]
[EventType "swiss"]
[EventDate "2008.05.10"]

1. e4 Nf6 2. e5 Nd5 3. c4 Nb6 4. d4 d6 5. exd6 exd6 6. Nc3 Bf5 7. Nf3 Be7 8.
Be2 Nc6 9. O-O O-O 10. Be3 Re8 11. Qd2 Bg4 12. b3 Qd7 13. Rfe1 Bf6 14. h3 Bxf3
15. Bxf3 Re7 16. Re2 Rae8 17. Rd1 g6 18. Nd5 Nxd5 19. Bxd5 Nxd4 20. Bxb7 Nxe2+
21. Qxe2 c6 22. Qf3 Qxb7 23. Qxf6 Re6 24. Qg5 f5 25. Bd4 Qc7 26. Qh6 d5 27. Rd3
Re1# 0-1

[Event "DEM U12/U12w 2008"]
[Site "Willingen GER"]
[Date "2008.05.13"]
[Round "5"]
[White "Müller, Nick"]
[Black "Weber, Daniel"]
[Result "1/2-1/2"]
[Termination "normal"]
[Board "25"]
[WhiteElo "1571"]
[BlackElo "1300"]
[PlyCount "41"]
[WhiteFideId "24692093"]
[BlackFideId "24615498"]
[EventCountry "GER"]
[EventRounds "11"]
[EventType "swiss"]
[EventDate "2008.05.10"]

1. e4 e6 2. d4 d5 3. exd5 exd5 4. Nf3 Nf6 5. Be2 Bd6 6. Bg5 h6 7. Bh4 Bf5 8.
Nc3 c6 9. Bd3 Bg4 10. O-O O-O 11. Re1 Nbd7 12. Be2 Qb6 13. Rb1 Rfe8 14. Qd2 Re6
15. h3 Bh5 16. g4 Bg6 17. Bd3 Rxe1+ 18. Rxe1 Bxd3 19. Qxd3 Qc7 20. Kg2 Rc8 21.
Bg3 1/2-1/2

[Event "DEM U12/U12w 2008"]
[Site "Willingen GER"]
[Date "2008.05.13"]
[Round "5"]
[White "Rahimi, Rozafa"]
[Black "Voggenreiter, Simon"]
[Result "0-1"]
[Termination "normal"]
[Board "26"]
[WhiteElo "1297"]
[BlackElo "1746"]
[PlyCount "52"]
[WhiteFideId "24692280"]
[BlackFideId "24615501"]
[EventCountry "GER"]
[EventRounds "11"]
[EventType "swiss"]
[EventDate "2008.05.10"]

1. d4 Nf6 2. Bf4 e6 3. e3 c5 4. c3 b6 5. Nf3 Bb7 6. Be2 Nc6 7. h3 d6 8. Nbd2
Rc8 9. Rc1 Be7 10. O-O O-O 11. Bd3 Re8 12. Bb1 Bf8 13. Bg5 h6 14. Bh4 Be7 15.
Qc2 g6 16. Ne4 cxd4 17. Nxf6+ Bxf6 18. Bxf6 Qxf6 19. exd4 Nb4 20. Qa4 Bxf3 21.
gxf3 Nc6 22. Qd1 b5 23. Qd3 b4 24. Rfd1 Ne7 25. cxb4 Qg5+ 26. Kh2 Rxc1 0-1